| 000 | 00384cam a2200145ua 4500 | ||
|---|---|---|---|
| 041 |
_aeng _h |
||
| 082 |
_a923.2 _bPAN/RA |
||
| 100 | _aPanjabi, Kewal L . | ||
| 245 |
_aRajendra Prasad: First president of India / _cKewal L Panjabi. _hTextual Documents |
||
| 260 |
_aMumbai : _bMcMillan and company , _c1960. |
||
| 300 | _a211 ; . | ||
| 504 | _a | ||
| 942 | _cBK | ||
| 999 |
_c5997 _d5997 |
||